<?xml version="1.0" encoding="UTF-8"?>
<record
    xmlns:xsi="http://www.w3.org/2001/XMLSchema-instance"
    xsi:schemaLocation="http://www.loc.gov/MARC21/slim http://www.loc.gov/standards/marcxml/schema/MARC21slim.xsd"
    xmlns="http://www.loc.gov/MARC21/slim">

  <leader>01099nam0a22002651  4500</leader>
  <controlfield tag="001">rc\2813468</controlfield>
  <controlfield tag="005">20250810052326.0</controlfield>
  <datafield tag="035" ind1=" " ind2=" ">
    <subfield code="a">(NLR Aleph) 006939270</subfield>
  </datafield>
  <datafield tag="090" ind1=" " ind2=" ">
    <subfield code="a">7627378</subfield>
    <subfield code="c">7627378</subfield>
  </datafield>
  <datafield tag="100" ind1=" " ind2=" ">
    <subfield code="a">20110915d1945    u  y0rusy50      ca</subfield>
  </datafield>
  <datafield tag="101" ind1="0" ind2=" ">
    <subfield code="a">rus</subfield>
  </datafield>
  <datafield tag="102" ind1=" " ind2=" ">
    <subfield code="a">RU</subfield>
  </datafield>
  <datafield tag="105" ind1=" " ind2=" ">
    <subfield code="a">y   z   |||||</subfield>
  </datafield>
  <datafield tag="200" ind1="1" ind2=" ">
    <subfield code="a">&#x41E;&#x442;&#x43E;&#x43F;&#x43B;&#x435;&#x43D;&#x438;&#x435; &#x43F;&#x430;&#x440;&#x43E;&#x432;&#x43E;&#x437;&#x43E;&#x432; &#x442;&#x43E;&#x449;&#x438;&#x43C;&#x438; &#x443;&#x433;&#x43B;&#x44F;&#x43C;&#x438;</subfield>
    <subfield code="f">&#x411;. &#x411;&#x430;&#x440;&#x43A;&#x438;&#x43D;</subfield>
    <subfield code="g">&#x423;&#x43F;&#x440;. &#x438; &#x414;&#x43E;&#x440;&#x41D;&#x418;&#x422;&#x41E; &#x421;&#x435;&#x432;.-&#x41A;&#x430;&#x432;. &#x436;. &#x434;.</subfield>
  </datafield>
  <datafield tag="210" ind1=" " ind2=" ">
    <subfield code="a">&#x420;&#x43E;&#x441;&#x442;&#x43E;&#x432;-&#x43D;&#x430;-&#x414;&#x43E;&#x43D;&#x443;</subfield>
    <subfield code="c">&#x420;&#x43E;&#x441;&#x442;&#x438;&#x437;&#x434;&#x430;&#x442;</subfield>
    <subfield code="d">1945</subfield>
    <subfield code="g">&#x442;&#x438;&#x43F;. &#x438;&#x43C;. &#x41A;&#x430;&#x43B;&#x438;&#x43D;&#x438;&#x43D;&#x430;</subfield>
  </datafield>
  <datafield tag="215" ind1=" " ind2=" ">
    <subfield code="a">16 &#x441;.</subfield>
    <subfield code="d">14 &#x441;&#x43C;.</subfield>
  </datafield>
  <datafield tag="300" ind1=" " ind2=" ">
    <subfield code="a">&#x41C;&#x430;&#x442;&#x435;&#x440;&#x438;&#x430;&#x43B; &#x431;&#x440;&#x43E;&#x448;&#x44E;&#x440;&#x44B; &#x43E;&#x431;&#x440;&#x430;&#x431;&#x43E;&#x442;&#x430;&#x43B;&#x438;: &#x447;&#x43B;&#x435;&#x43D; &#x414;&#x43E;&#x440;&#x41D;&#x418;&#x422;&#x41E;, &#x43A;&#x430;&#x43D;&#x434;. &#x442;&#x435;&#x445;&#x43D;. &#x43D;&#x430;&#x443;&#x43A;, &#x434;&#x43E;&#x446;. &#x420;&#x418;&#x418;&#x416;&#x422;&#x430; &#x414;. &#x42D;. &#x41A;&#x430;&#x440;&#x43C;&#x438;&#x43D;&#x441;&#x43A;&#x438;&#x439; &#x438; &#x441;&#x442;. &#x438;&#x43D;&#x436;.-&#x442;&#x435;&#x43F;&#x43B;&#x43E;&#x442;&#x435;&#x445;&#x43D;&#x438;&#x43A; &#x43F;&#x430;&#x440;&#x43E;&#x432;&#x43E;&#x437;. &#x441;&#x43B;&#x443;&#x436;&#x431;&#x44B; &#x410;. &#x412;. &#x427;&#x435;&#x43F;&#x435;&#x43B;&#x435;&#x432;</subfield>
  </datafield>
  <datafield tag="700" ind1=" " ind2="1">
    <subfield code="a">&#x411;&#x430;&#x440;&#x43A;&#x438;&#x43D;</subfield>
    <subfield code="b">&#x411;.</subfield>
  </datafield>
  <datafield tag="801" ind1=" " ind2="0">
    <subfield code="a">RU</subfield>
    <subfield code="b">NLR</subfield>
    <subfield code="g">psbo</subfield>
  </datafield>
  <datafield tag="801" ind1=" " ind2="1">
    <subfield code="a">RU</subfield>
    <subfield code="b">ELAR</subfield>
    <subfield code="2">rusmarc</subfield>
  </datafield>
  <datafield tag="852" ind1=" " ind2=" ">
    <subfield code="a">NLR</subfield>
    <subfield code="j">&#x422;14 &#x413;-2/167</subfield>
  </datafield>
  <datafield tag="942" ind1=" " ind2=" ">
    <subfield code="c">BOOK</subfield>
  </datafield>
  <datafield tag="945" ind1=" " ind2=" ">
    <subfield code="a">&#x420;&#x43E;&#x441;&#x441;&#x438;&#x439;&#x441;&#x43A;&#x430;&#x44F; &#x43D;&#x430;&#x446;&#x438;&#x43E;&#x43D;&#x430;&#x43B;&#x44C;&#x43D;&#x430;&#x44F; &#x431;&#x438;&#x431;&#x43B;&#x438;&#x43E;&#x442;&#x435;&#x43A;&#x430;</subfield>
  </datafield>
  <datafield tag="980" ind1=" " ind2=" ">
    <subfield code="a">NB</subfield>
  </datafield>
  <datafield tag="980" ind1=" " ind2=" ">
    <subfield code="a">BV</subfield>
  </datafield>
  <datafield tag="995" ind1=" " ind2=" ">
    <subfield code="5">2013-10-26</subfield>
    <subfield code="b">NLR02</subfield>
    <subfield code="c">NLR02</subfield>
    <subfield code="e">RFS</subfield>
    <subfield code="f">6939270-10</subfield>
    <subfield code="k">&#x422;14 &#x413;-2/167</subfield>
    <subfield code="o">0</subfield>
    <subfield code="r">BOOK</subfield>
    <subfield code="s">14_2167</subfield>
  </datafield>
</record>
